Skip to main content
Your cart is empty.
Your lists
Log in to create your own lists
Your cookies
العربية
English
العربية
Home
Search
Advanced search
Authority search
About
The noble scholar, jurist, historian
His Excellency Dr. Abdul Wahhab bin Ibrahim Abu Sulaiman, may Allah have mercy on him.
He was born in Umm Al-Qura in the year 1356 AH.
Library catalog
Title
Author
Subject
ISBN
ISSN
Series
Call number
Log in to your account
×
Login:
Password:
Home
MARC view: مقاصد الشريعة عند الإمام مالك بين النظرية والتطبيق /
Normal view
MARC view
ISBD view
مقاصد الشريعة عند الإمام مالك بين النظرية والتطبيق / (Record no. 7959)
[
view plain
]
MARC details
000 -LEADER
fixed length control field
01640cam a22003611i 4500
003 - CONTROL NUMBER IDENTIFIER
control field
SA-RiAUC
005 - DATE AND TIME OF LATEST TRANSACTION
control field
20250516135913.0
008 - FIXED-LENGTH DATA ELEMENTS--GENERAL INFORMATION
fixed length control field
250516s2009 ua a f b 00110dara c
020 ## - INTERNATIONAL STANDARD BOOK NUMBER
International Standard Book Number
977342720X
035 ## - SYSTEM CONTROL NUMBER
System control number
213375
040 ## - CATALOGING SOURCE
Original cataloging agency
SA-MaUQU
Language of cataloging
ara
Transcribing agency
SA-RiAUC
Description conventions
rda
082 04 - DEWEY DECIMAL CLASSIFICATION NUMBER
Classification number
250
Assigning agency
SA-RiAUC
090 ## - LOCALLY ASSIGNED LC-TYPE CALL NUMBER (OCLC); LOCAL CALL NUMBER (RLIN)
Classification number (OCLC) (R) ; Classification number, CALL (RLIN) (NR)
250
Local cutter number (OCLC) ; Book number/undivided call number, CALL (RLIN)
م ح م
100 1# - MAIN ENTRY--PERSONAL NAME
Personal name
محمد، محمد أحمد القياتي،
Dates associated with a name
1973-
Relator term
مؤلف.
245 10 - TITLE STATEMENT
Title
مقاصد الشريعة عند الإمام مالك بين النظرية والتطبيق /
Statement of responsibility, etc.
محمد أحمد القياتي محمد ؛ تقديم محمد سليم العوا، أحمد علي طه ريان.
250 ## - EDITION STATEMENT
Edition statement
الطبعة الأولى.
264 #1 - PRODUCTION, PUBLICATION, DISTRIBUTION, MANUFACTURE, AND COPYRIGHT NOTICE
Place of production, publication, distribution, manufacture
القاهرة :
Name of producer, publisher, distributor, manufacturer
دار السلام،
Date of production, publication, distribution, manufacture, or copyright notice
2009
300 ## - PHYSICAL DESCRIPTION
Extent
2 مجلد :
Other physical details
إيضاحيات ؛
Dimensions
24 سم
336 ## - CONTENT TYPE
Content type term
نص
Content type code
txt
Source
rdacontent
Materials specified
كتاب
337 ## - MEDIA TYPE
Media type term
بدون وسيط
Media type code
n
Source
rdamedia
338 ## - CARRIER TYPE
Carrier type term
مجلد
Carrier type code
nc
Source
rdacarrier
500 ## - GENERAL NOTE
General note
غلاف مصور.
500 ## - GENERAL NOTE
General note
الأصل أطروحة دكتوراه-جامعة المنيا، كلية دار العلوم، مصر.
500 ## - GENERAL NOTE
General note
يشتمل على كشافات.
504 ## - BIBLIOGRAPHY, ETC. NOTE
Bibliography, etc. note
ببليوجرافية : صفحة 818-835.
600 17 - SUBJECT ADDED ENTRY--PERSONAL NAME
Personal name
الإمام مالك، مالك بن أنس بن مالك،
Dates associated with a name
93-179 هجري
General subdivision
آراء حول مقاصد الشريعة
Source of heading or term
aucnm
650 #7 - SUBJECT ADDED ENTRY--TOPICAL TERM
Topical term or geographic name entry element
مقاصد الشريعة
Source of heading or term
aucsh
650 #7 - SUBJECT ADDED ENTRY--TOPICAL TERM
Topical term or geographic name entry element
الفقه المالكي
Source of heading or term
aucsh
700 1# - ADDED ENTRY--PERSONAL NAME
Personal name
العوا، محمد سليم،
Dates associated with a name
1942-
Relator term
مقدم.
700 1# - ADDED ENTRY--PERSONAL NAME
Personal name
ريان، أحمد علي طه،
Dates associated with a name
1939-
Relator term
مقدم.
942 ## - ADDED ENTRY ELEMENTS (KOHA)
Source of classification or shelving scheme
Dewey Decimal Classification
Koha item type
Books
Suppress in OPAC
No
949 ## - LOCAL PROCESSING INFORMATION (OCLC)
a
SA-JeALM
d
250516
u
eid123
n
1
Holdings
Withdrawn status
Lost status
Source of classification or shelving scheme
Materials specified (bound volume or other part)
Damaged status
Not for loan
Home library
Current library
Date acquired
Total checkouts
Full call number
Barcode
Date last seen
Price effective from
Koha item type
Dewey Decimal Classification
المجلد الاول
DR AbdElwahab Library
DR AbdElwahab Library
05/16/2025
250 م ح م
000013084
05/16/2025
05/16/2025
Books
Dewey Decimal Classification
المجلد الثاني
DR AbdElwahab Library
DR AbdElwahab Library
05/16/2025
250 م ح م
000013085
05/16/2025
05/16/2025
Books
Place hold
Print
Add to your cart
(remove)
Save record
BIBTEX
Dublin Core
MARCXML
MARC (non-Unicode/MARC-8)
MARC (Unicode/UTF-8)
MARC (Unicode/UTF-8, Standard)
MODS (XML)
RIS
ISBD
More searches
Search for this title in:
Other Libraries (WorldCat)
Other Databases (Google Scholar)
Online Stores (Bookfinder.com)
Open Library (openlibrary.org)
Exporting to Dublin Core...
×
Simple DC-RDF
OAI-DC
SRW-DC